[Event "OLNO 2122 SC Empor Potsdam - SK König "]
[Site "?"]
[Date "2022.05.08"]
[Round "6.7"]
[White "Niehaus, Frank"]
[Black "Jaeger, Uwe"]
[Result "0-1"]
[WhiteElo "2074"]
[BlackElo "2237"]
[PlyCount "132"]
[EventDate "2022.??.??"]

1. e4 d5 2. exd5 Qxd5 3. Nc3 Qa5 4. d4 Nf6 5. Bc4 c6 6. Bd2 Qb6 7. Nf3 Bf5 8.
Bb3 e6 9. Qe2 Bd6 10. Bg5 Nbd7 11. O-O-O Qc7 12. Bxf6 Nxf6 13. d5 cxd5 14. Ba4+
Kf8 15. Nd4 Bg6 16. g4 a6 17. h4 h5 18. g5 Ne4 19. Nxe4 Bxe4 20. Rhe1 b5 21.
Bb3 Bb4 22. f3 Qf4+ 23. Kb1 Bf5 24. Rh1 g6 25. Nc6 Bc5 26. Ne5 Qe3 27. Qh2 Rd8
28. Rhe1 Qf2 29. Qf4 Bd6 30. Qd4 Qxd4 31. Rxd4 Bc5 32. Rdd1 Bf2 33. Rh1 Kg7 34.
Rd2 Bb6 35. Nc6 Rd7 36. Nd4 Bxd4 37. Rxd4 a5 38. a4 b4 39. Re1 f6 40. f4 Rc7
41. Rd2 Rhc8 42. Ree2 Rc4 43. Bxc4 Rxc4 44. b3 Rxf4 45. gxf6+ Kxf6 46. Rh2 Rf3
47. Kb2 Ke5 48. Rdf2 Rc3 49. Rd2 d4 50. Rhe2+ Kd5 51. Rh2 e5 52. Rd1 Rg3 53.
Ka2 Rg4 54. Kb2 e4 55. Kc1 e3 56. Kb2 Rf4 57. Kc1 Bg4 58. Re1 Ke4 59. Rg2 Rf3
60. Rh2 Kf4 61. Rg2 Rh3 62. Rf1+ Ke4 63. Rf8 Rxh4 64. Rg1 Rh2 65. Rgf1 Bf5 66.
Ra8 Rf2 0-1

[Event "OLNO 2122 SC Empor Potsdam - SK König "]
[Site "?"]
[Date "2022.05.08"]
[Round "6.8"]
[White "Bachmann, Volker"]
[Black "Rath, Alina"]
[Result "0-1"]
[WhiteElo "2130"]
[BlackElo "2057"]
[PlyCount "104"]
[EventDate "2022.??.??"]

1. d4 d5 2. c4 e6 3. Nc3 c5 4. e3 Nf6 5. Nf3 Nc6 6. cxd5 exd5 7. Be2 Be7 8.
dxc5 Bxc5 9. O-O O-O 10. a3 Be6 11. b4 Bd6 12. Bb2 Rc8 13. Rc1 a6 14. Na4 Ne4
15. Nd4 Nxd4 16. Qxd4 f6 17. f4 Rxc1 18. Rxc1 Bf7 19. Bf3 b5 20. Nb6 Bb8 21.
Nxd5 Qxd5 22. Bxe4 Qxd4 23. Bxd4 Bc4 24. Bb7 Rd8 25. Bxa6 Bxf4 26. Bc5 Be5 27.
a4 Rb8 28. Rd1 Bb3 29. Rd7 bxa4 30. Rd3 h6 31. Kf2 Bf7 32. b5 Bc4 33. Ra3 Bxb5
34. Bxb5 Rxb5 35. Bd4 Bxd4 36. exd4 Rb2+ 37. Kf1 Rb4 38. d5 Rd4 39. Ke2 Kf7 40.
Ke3 Rb4 41. Ra2 Ke7 42. Kd3 Kd6 43. Kc3 Rg4 44. Rd2 h5 45. g3 h4 46. Rd3 Re4
47. gxh4 Rxh4 48. h3 g5 49. Rf3 Kxd5 50. Rxf6 Rxh3+ 51. Kb4 Rh4+ 52. Ka3 Ke5
0-1

[Event "OLNO 2122 SC Kreuzberg - SK König Tege"]
[Site "?"]
[Date "2022.05.15"]
[Round "4.1"]
[White "Giemsa, Stephan"]
[Black "Glantz, Robert"]
[Result "1/2-1/2"]
[WhiteElo "2285"]
[BlackElo "2340"]
[PlyCount "86"]
[EventDate "2022.??.??"]

1. d4 Nf6 2. Nf3 g6 3. Nbd2 Bg7 4. e4 d6 5. Bb5+ c6 6. Bd3 O-O 7. O-O c5 8. c3
cxd4 9. cxd4 Nc6 10. Re1 d5 11. e5 Ne8 12. h3 Nc7 13. a3 Ne6 14. Nb3 Qb6 15.
Be3 f6 16. exf6 exf6 17. Qc2 f5 18. Nc5 Nexd4 19. Nxd4 Nxd4 20. Bxd4 Bxd4 21.
Na4 Qc6 22. Qb3 Bd7 23. Nc3 Bxc3 24. bxc3 Rfe8 25. Qb4 Rxe1+ 26. Rxe1 Re8 27.
Re7 b6 28. Rxe8+ Bxe8 29. Qe7 Qd7 30. Qxd7 Bxd7 31. f4 Bc6 32. Kf2 Kf8 33. g3
d4 34. cxd4 Bd5 35. Ke3 Bg2 36. h4 Bd5 37. Kd2 h5 38. Kc3 Ke7 39. Bb5 a5 40. a4
Bf7 41. Kd3 Bd5 42. Kc3 Bf3 43. Kd3 Bd5 1/2-1/2

[Event "OLNO 2122 SC Kreuzberg - SK König Tege"]
[Site "?"]
[Date "2022.05.15"]
[Round "4.3"]
[White "Jahnz, Fabian"]
[Black "Maetzkow, Maximilian Paul"]
[Result "1/2-1/2"]
[WhiteElo "2254"]
[BlackElo "2290"]
[PlyCount "63"]
[EventDate "2022.??.??"]

1. e4 e6 2. d4 d5 3. Nc3 Nf6 4. exd5 exd5 5. Bg5 Be7 6. Qd2 O-O 7. O-O-O Be6 8.
h4 Nbd7 9. Nge2 b5 10. Nf4 b4 11. Nce2 Ne4 12. Bxe7 Qxe7 13. Qe3 Nb6 14. Ng3
Nxg3 15. Qxg3 a5 16. Bd3 a4 17. Rhe1 b3 18. a3 bxc2 19. Bxc2 Qf6 20. Qg5 Qxg5
21. hxg5 Nc4 22. Nd3 g6 23. Re2 Bf5 24. Nb4 Bxc2 25. Kxc2 Ra5 26. Re7 c5 27.
Nxd5 cxd4 28. Rxd4 Rc8 29. Rc7 Rxc7 30. Nxc7 Nxa3+ 31. Kd3 Nb5 32. Nxb5 1/2-1/2

[Event "OLNO 2122 SC Kreuzberg - SK König Tege"]
[Site "?"]
[Date "2022.05.15"]
[Round "4.4"]
[White "Moritz, Aron"]
[Black "Wierzbicki, Jirawat"]
[Result "1/2-1/2"]
[WhiteElo "2215"]
[BlackElo "2159"]
[PlyCount "56"]
[EventDate "2022.??.??"]

1. e4 e5 2. Nf3 Nc6 3. Bc4 Bc5 4. c3 Nf6 5. d3 d6 6. Bb3 a5 7. h3 h6 8. Nbd2
Be6 9. a4 d5 10. O-O O-O 11. Re1 Re8 12. Bc2 d4 13. Nf1 Bf8 14. N3h2 g6 15. Qf3
Bg7 16. g4 Nd7 17. Ng3 Nc5 18. Ra3 Kh7 19. Ne2 Bf8 20. Qg3 Bc8 21. Ra1 Ne6 22.
f4 exf4 23. Nxf4 Bd6 24. Qf2 Qf6 25. Nxe6 Qxf2+ 26. Kxf2 Bxe6 27. Nf3 Bc5 28.
Kg2 Rad8 {(=)} 1/2-1/2

[Event "OLNO 2122 SC Kreuzberg - SK König Tege"]
[Site "?"]
[Date "2022.05.15"]
[Round "4.5"]
[White "Acikel, Mert"]
[Black "Glienke, Manfred"]
[Result "1/2-1/2"]
[WhiteElo "2163"]
[BlackElo "2212"]
[PlyCount "83"]
[EventDate "2022.??.??"]

1. e4 d6 2. d4 Nf6 3. Nc3 e5 4. Nf3 Nbd7 5. Bc4 Be7 6. a4 c6 7. O-O Qc7 8. Re1
a5 9. Qe2 h6 10. Bb3 Nf8 11. Qc4 Ne6 12. Be3 O-O 13. dxe5 dxe5 14. Nh4 Ng4 15.
Nf5 Nxe3 16. Rxe3 Bg5 17. Ree1 g6 18. Ne3 b6 19. Qf1 Nd4 20. Rad1 Nxb3 21. cxb3
Ba6 22. Nc4 Rfd8 23. Qe2 Rd4 24. Qg4 Rad8 25. h4 Bc8 26. Qg3 Bf4 27. Qf3 h5 28.
Rxd4 exd4 29. e5 dxc3 30. Qxf4 cxb2 31. Nxb2 Be6 32. Nc4 Qe7 33. Nd6 Bd5 34.
Re3 Kh7 35. Rg3 c5 36. Nf5 Qf8 37. Qg5 Rd7 38. Nd6 Qe7 39. Qf4 Qe6 40. Qg5 Qe7
41. Qf4 Qe6 42. Qg5 {(=)} 1/2-1/2

[Event "OLNO 2122 SC Kreuzberg - SK König Tege"]
[Site "?"]
[Date "2022.05.15"]
[Round "4.7"]
[White "Niehaus, Frank"]
[Black "Lehmann, Klaus"]
[Result "1/2-1/2"]
[WhiteElo "2105"]
[BlackElo "2213"]
[PlyCount "28"]
[EventDate "2022.??.??"]

1. d4 d5 2. Bg5 c6 3. e3 Bf5 4. Nf3 Qb6 5. Qc1 e6 6. Be2 Be7 7. Bxe7 Nxe7 8.
O-O Nd7 9. b3 O-O 10. c4 Rac8 11. Nc3 Qa5 12. Qd2 Kh8 13. Rfd1 Bg4 14. Rac1 a6
{(=)} 1/2-1/2

[Event "OLNO 2122 SC Kreuzberg - SK König Tege"]
[Site "?"]
[Date "2022.05.15"]
[Round "4.8"]
[White "Dathe, Frederick"]
[Black "Von Herman, Brigitte"]
[Result "1-0"]
[WhiteElo "2048"]
[BlackElo "1929"]
[PlyCount "83"]
[EventDate "2022.??.??"]

1. c4 e5 2. Nc3 Nc6 3. g3 Bc5 4. Bg2 a6 5. e3 Ba7 6. Nge2 d6 7. d4 Nf6 8. O-O
exd4 9. exd4 O-O 10. Be3 Bf5 11. Qd2 Re8 12. Rfe1 Qd7 13. Rad1 h6 14. Nd5 Nxd5
15. cxd5 Ne7 16. Nc3 b5 17. a3 Bh3 18. f3 Bxg2 19. Kxg2 Nf5 20. Bf2 Rxe1 21.
Rxe1 Re8 22. Ne4 Kf8 23. g4 Ne7 24. Nc3 Bb6 25. h4 Ng8 26. Rc1 Qe7 27. Qd3 Qf6
28. Ne4 Qd8 29. h5 Nf6 30. Nxf6 Qxf6 31. Qh7 Re2 32. Qh8+ Ke7 33. Re1 Rxe1 34.
Bxe1 Qxd4 35. Bh4+ f6 36. Qxg7+ Ke8 37. Qg8+ Ke7 38. Qe6+ Kf8 39. Qxf6+ Qxf6
40. Bxf6 Kf7 41. Bc3 Be3 42. Kg3 1-0

[Event "OLNO 2122 SC Empor Potsdam - SV Empor B"]
[Site "?"]
[Date "2022.05.15"]
[Round "4.1"]
[White "Volke, Karsten"]
[Black "Penzold, Andreas"]
[Result "1-0"]
[WhiteElo "2445"]
[BlackElo "2389"]
[PlyCount "85"]
[EventDate "2022.??.??"]

1. e4 c6 2. d4 d5 3. e5 c5 4. dxc5 e6 5. a3 Bxc5 6. Qg4 Kf8 7. Bd3 Nc6 8. Nf3
h5 9. Qf4 Nh6 10. b4 Bb6 11. Bb2 Bd7 12. O-O Ne7 13. Nbd2 Nhf5 14. Nb3 Rc8 15.
b5 a6 16. a4 axb5 17. axb5 Ng6 18. Qb4+ Kg8 19. Rfd1 Ngh4 20. Nxh4 Qxh4 21.
Qxh4 Nxh4 22. Bd4 Bxd4 23. Nxd4 f6 24. Re1 Rh6 25. Ra7 Rb8 26. g3 Ng6 27. f4
fxe5 28. fxe5 h4 29. Nf3 hxg3 30. hxg3 Ne7 31. Rea1 Nc8 32. Ra8 Rxa8 33. Rxa8
Kf7 34. Rb8 b6 35. Kg2 Ke7 36. g4 Rh8 37. Nd4 Kd8 38. Rb7 Ne7 39. Rxb6 Kc7 40.
Ra6 Rh6 41. Ra7+ Kd8 42. b6 Nc6 43. Ra8+ 1-0

[Event "OLNO 2122 SC Empor Potsdam - SV Empor B"]
[Site "?"]
[Date "2022.05.15"]
[Round "4.2"]
[White "Tschernatsch, Johannes"]
[Black "Thinius, Marco"]
[Result "0-1"]
[WhiteElo "2358"]
[BlackElo "2351"]
[PlyCount "92"]
[EventDate "2022.??.??"]

1. e4 c5 2. Nf3 Nc6 3. Bb5 e6 4. O-O Nge7 5. d4 cxd4 6. Nxd4 Ng6 7. c4 Be7 8.
Be3 O-O 9. Nc3 Qc7 10. Rc1 b6 11. Ba4 Nxd4 12. Bxd4 Bb7 13. Qe2 Rac8 14. Nb5
Qb8 15. Bc2 f6 16. g3 Ne5 17. b3 a6 18. Nc3 Bc5 19. Bxc5 bxc5 20. Rcd1 Qc7 21.
Qe3 d6 22. Rd2 Nc6 23. Ne2 e5 24. f4 Nd4 25. Nxd4 cxd4 26. Qe2 a5 27. f5 Qc5
28. Bd3 Bc6 29. Rb2 Rb8 30. Qd2 Rb7 31. Rfb1 Rfb8 32. h4 h5 33. Kh2 Kf7 34. Qc2
Ke7 35. Be2 a4 36. Bxh5 a3 37. b4 Rxb4 38. Rxb4 Rxb4 39. Rxb4 Qxb4 40. Kh3 Qe1
41. Bf3 Qc3 42. Qf2 Qe3 43. Kg2 Qxf2+ 44. Kxf2 Ba4 45. Ke1 Bb3 46. Be2 Bxa2 0-1

[Event "OLNO 2122 SC Empor Potsdam - SV Empor B"]
[Site "?"]
[Date "2022.05.15"]
[Round "4.3"]
[White "Foerster, Jonas"]
[Black "Tiarks, Jann-Christian"]
[Result "1-0"]
[WhiteElo "2287"]
[BlackElo "2211"]
[PlyCount "90"]
[EventDate "2022.??.??"]

1. Nf3 c5 2. e3 Nf6 3. b3 e6 4. Bb2 Be7 5. c4 O-O 6. Be2 b6 7. Qc2 Bb7 8. Ng5
g6 9. h4 Nc6 10. h5 e5 11. Nc3 h6 12. Nxf7 Rxf7 13. hxg6 Rf8 14. Rxh6 Kg7 15.
Rh1 d6 16. O-O-O Qd7 17. a3 Rh8 18. Nd5 Rxh1 19. Rxh1 Rh8 20. Rxh8 Kxh8 21. f4
Qe6 22. f5 Qd7 23. Bf3 Na5 24. Qd1 Bxd5 25. Bxd5 Qxf5 26. b4 Nxd5 27. cxd5 Qxg6
28. bxa5 Qxg2 29. axb6 axb6 30. Qa4 Qf1+ 31. Kc2 b5 32. Qe4 Kg7 33. Qg4+ Kf8
34. Bc3 Qh1 35. Qc8+ Kf7 36. Qf5+ Ke8 37. Qg6+ Kf8 38. Qf5+ Ke8 39. Qd3 c4 40.
Qg6+ Kf8 41. Qf5+ Ke8 42. Qc8+ Kf7 43. Qb7 Qh7+ 44. Kb2 Qh2 45. Qxb5 Bg5 1-0

[Event "OLNO 2122 SC Empor Potsdam - SV Empor B"]
[Site "?"]
[Date "2022.05.15"]
[Round "4.4"]
[White "Schoene, Ralf"]
[Black "Sulayev, Daniel"]
[Result "0-1"]
[WhiteElo "2255"]
[BlackElo "2242"]
[PlyCount "74"]
[EventDate "2022.??.??"]

1. c4 g6 2. Nc3 Bg7 3. g3 c5 4. Bg2 Nc6 5. d3 e6 6. e4 Nge7 7. Nge2 d6 8. O-O
O-O 9. a3 b6 10. Rb1 Bb7 11. b4 Qd7 12. Qb3 Rac8 13. Bb2 Rfd8 14. Nd1 Nd4 15.
Nxd4 cxd4 16. f4 b5 17. cxb5 Qxb5 18. a4 Qb6 19. Nf2 d5 20. e5 Nf5 21. a5 Qb5
22. Rfc1 Bf8 23. g4 Nh4 24. Bxd4 Nxg2 25. Kxg2 Rc4 26. Bxa7 Rdc8 27. Qd1 d4+
28. Kf1 Rxc1 29. Rxc1 Bf3 30. Rxc8 Bxd1 31. Bc5 Bf3 32. Rxf8+ Kg7 33. Rd8 f5
34. exf6+ Kxf6 35. g5+ Kf7 36. Rxd4 Qa4 37. Ke1 Qa1+ 0-1

[Event "OLNO 2122 SC Empor Potsdam - SV Empor B"]
[Site "?"]
[Date "2022.05.15"]
[Round "4.5"]
[White "Atkinson, Paul"]
[Black "Trenner, Rolf"]
[Result "1-0"]
[WhiteElo "2103"]
[BlackElo "2177"]
[PlyCount "81"]
[EventDate "2022.??.??"]

1. Nf3 Nf6 2. g3 c5 3. Bg2 Nc6 4. O-O g6 5. c4 Bg7 6. Nc3 d5 7. d4 dxc4 8. d5
Na5 9. e4 O-O 10. Be3 b6 11. h3 Bb7 12. Qc2 e6 13. Rad1 exd5 14. exd5 Re8 15.
Qd2 Ne4 16. Nxe4 Rxe4 17. Ng5 Re8 18. Ne4 Rc8 19. Bg5 f6 20. Bh6 Qd7 21. Bxg7
Kxg7 22. Qc3 Rf8 23. g4 Rcd8 24. g5 Qf5 25. Nxf6 Rxf6 26. gxf6+ Qxf6 27. Qe3
Rd7 28. Rd2 Ba6 29. Re1 Nb7 30. Qa3 Na5 31. Qa4 Qd8 32. Qc2 Nb7 33. Qc3+ Qf6
34. Qg3 Qd6 35. Qg4 Bb5 36. Re6 Qf8 37. a4 Bxa4 38. Qxc4 b5 39. Qc3+ Kh6 40.
Qe3+ Kg7 41. b3 1-0

[Event "OLNO 2122 SC Empor Potsdam - SV Empor B"]
[Site "?"]
[Date "2022.05.15"]
[Round "4.6"]
[White "Bachmann, Volker"]
[Black "Jahn, Thomas"]
[Result "1/2-1/2"]
[WhiteElo "2130"]
[BlackElo "2179"]
[PlyCount "80"]
[EventDate "2022.??.??"]

1. d4 Nf6 2. c4 g6 3. Nc3 Bg7 4. e4 d6 5. f4 O-O 6. Nf3 Na6 7. Be2 e5 8. dxe5
dxe5 9. Nxe5 Qe7 10. O-O Nxe4 11. Nxe4 f6 12. Nxf6+ Bxf6 13. Bf3 c6 14. Re1 Rd8
15. Qe2 Nc5 16. Qf2 Qf8 17. Be3 Bxe5 18. Bxc5 Qxf4 19. g3 Qf6 20. Rad1 Rxd1 21.
Bxd1 Bh3 22. Qxf6 Bxf6 23. b3 Rd8 24. Bf3 Rd2 25. Bxa7 Rxa2 26. Bc5 Rb2 27. b4
Rc2 28. Re8+ Kg7 29. Rb8 Rxc4 30. Rxb7+ Kh6 31. Bxc6 Rc1+ 32. Kf2 Rc2+ 33. Ke3
Bg5+ 34. Kd3 Bf5+ 35. Kd4 Bf6+ 36. Ke3 Rc3+ 37. Kf2 Rc2+ 38. Kg1 Rc1+ 39. Kg2
Rc2+ 40. Kg1 Rc1+ 1/2-1/2

[Event "OLNO 2122 SC Empor Potsdam - SV Empor B"]
[Site "?"]
[Date "2022.05.15"]
[Round "4.7"]
[White "Meissner, Hans-Juergen"]
[Black "Piersig, Hans-Juergen"]
[Result "1-0"]
[WhiteElo "2199"]
[BlackElo "2119"]
[PlyCount "69"]
[EventDate "2022.??.??"]

1. d4 Nf6 2. Nf3 g6 3. c4 Bg7 4. Nc3 O-O 5. e4 d6 6. Be2 e5 7. O-O Nc6 8. d5
Ne7 9. Ne1 Nd7 10. Nd3 f5 11. Bd2 Nf6 12. f3 f4 13. a4 g5 14. c5 h5 15. cxd6
cxd6 16. Nf2 Rf7 17. Nb5 g4 18. Rc1 g3 19. Nd3 Ng6 20. Qc2 Ne8 21. h3 a6 22.
Na3 Qh4 23. Qxc8 Rxc8 24. Rxc8 Rf8 25. Nc4 b5 26. Nb6 Qe7 27. a5 Qb7 28. Rfc1
Ne7 29. Rd8 Nf6 30. Rxd6 Nc8 31. Rdc6 Nxb6 32. axb6 Nd7 33. Ba5 Rd8 34. b4 Bf8
35. Bd1 1-0

[Event "OLNO 2122 SC Empor Potsdam - SV Empor B"]
[Site "?"]
[Date "2022.05.15"]
[Round "4.8"]
[White "Germann, Heike"]
[Black "Dimitriadis, Pavlos"]
[Result "0-1"]
[WhiteElo "1997"]
[BlackElo "1976"]
[PlyCount "48"]
[EventDate "2022.??.??"]

1. d4 Nc6 2. d5 Ne5 3. e4 e6 4. Nf3 Qf6 5. Be2 Bc5 6. O-O Nxf3+ 7. Bxf3 e5 8.
Nd2 Ne7 9. Nb3 Bb6 10. c4 d6 11. Bg4 O-O 12. Bd2 Qg6 13. Bxc8 Raxc8 14. Qe2 f5
15. Ba5 fxe4 16. Bxb6 cxb6 17. Nd2 Rf4 18. Kh1 Nf5 19. Rac1 Rf8 20. Rc3 Nd4 21.
Qe1 Qf5 22. Kg1 Rf6 23. Rg3 h5 24. Ra3 Nc2 0-1

[Event "OLNO 2122 SG Güstrow-Teterow - TSG Obe"]
[Site "?"]
[Date "2022.05.15"]
[Round "4.1"]
[White "Rosenthal, Dirk"]
[Black "Luther, Alexander"]
[Result "1-0"]
[WhiteElo "2396"]
[BlackElo "2065"]
[PlyCount "95"]
[EventDate "2022.??.??"]

1. d4 d5 2. c4 e6 3. Nc3 Nf6 4. cxd5 exd5 5. Bg5 c6 6. e3 Be7 7. Qc2 Nbd7 8.
Bd3 h6 9. Bh4 Nh5 10. Bxe7 Qxe7 11. Nf3 Nf4 12. O-O Nxd3 13. Qxd3 O-O 14. Rab1
a5 15. Rbc1 Nb6 16. Ne5 Re8 17. Ne2 Nd7 18. Nxd7 Bxd7 19. Rc5 h5 20. Qd2 h4 21.
h3 b6 22. Rc3 g5 23. Kh1 Kh8 24. Ng1 Qe4 25. f3 Qe7 26. e4 f6 27. Re3 Qb4 28.
Qd3 Qc4 29. Qxc4 dxc4 30. f4 Bf5 31. e5 Bd3 32. Rf2 Rad8 33. fxg5 fxg5 34. Nf3
Kg7 35. Nxg5 Rxd4 36. Rf6 Rd5 37. Rxc6 Rexe5 38. Ne6+ Kf7 39. Rf3+ Bf5 40. Ng5+
Ke7 41. Rxc4 Rd1+ 42. Kh2 Bd3 43. Rf7+ Kd6 44. Rd4+ Rd5 45. Rf6+ Kc5 46. Ne6+
Kd6 47. Nf4+ Ke5 48. Rxd5+ 1-0

[Event "OLNO 2122 SG Güstrow-Teterow - TSG Obe"]
[Site "?"]
[Date "2022.05.15"]
[Round "4.2"]
[White "Seiler, Dirk"]
[Black "Meyer-Dunker, Paul"]
[Result "0-1"]
[WhiteElo "2112"]
[BlackElo "2122"]
[PlyCount "64"]
[EventDate "2022.??.??"]

1. d4 d5 2. Nf3 e6 3. Bg5 Be7 4. Bxe7 Qxe7 5. c3 Nf6 6. e3 O-O 7. Bd3 b6 8. Qe2
Bb7 9. Nbd2 Ne4 10. O-O Nd7 11. Rac1 c5 12. Ne5 Nxe5 13. dxe5 Nxd2 14. Qxd2 f6
15. exf6 Rxf6 16. Qe2 e5 17. e4 d4 18. Bc4+ Kh8 19. Bd5 Bxd5 20. exd5 Rd8 21.
c4 e4 22. Rce1 Re8 23. Qg4 Qe5 24. b3 Rg6 25. Qd7 Rf6 26. f4 Qh5 27. g4 Qg6 28.
Kh1 Rff8 29. h3 e3 30. f5 Qh6 31. Kg2 e2 32. Rg1 Re3 0-1

[Event "OLNO 2122 SG Güstrow-Teterow - TSG Obe"]
[Site "?"]
[Date "2022.05.15"]
[Round "4.3"]
[White "Horn, Sven"]
[Black "Gebert-Vangeel, Ralf"]
[Result "1-0"]
[WhiteElo "2065"]
[BlackElo "2036"]
[PlyCount "81"]
[EventDate "2022.??.??"]

1. d4 d5 2. Nc3 Nf6 3. Bg5 e6 4. e4 dxe4 5. Nxe4 Be7 6. Ng3 Nc6 7. Nf3 Nd5 8.
Bxe7 Ndxe7 9. c3 Qd5 10. Bd3 Bd7 11. O-O Ng6 12. Re1 O-O-O 13. b4 Nf4 14. Be4
Qd6 15. Nd2 Kb8 16. Nc4 Qf8 17. b5 Ne7 18. a4 Ned5 19. Qf3 g5 20. Ne5 Bc8 21.
Reb1 f5 22. Bxd5 Rxd5 23. a5 Ng6 24. Nd3 g4 25. Qd1 e5 26. Nb4 Rxb5 27. Qa4 Bd7
28. c4 Rxb4 29. Qxb4 Qxb4 30. Rxb4 f4 31. Ne4 exd4 32. Nc5 Bc6 33. Nxb7 Bxb7
34. Rab1 Kc8 35. Rxb7 Kd7 36. Rxa7 Ne5 37. Rd1 Nc6 38. Rb7 Re8 39. Kf1 Re4 40.
a6 Kc8 41. Rdb1 1-0

[Event "OLNO 2122 SG Güstrow-Teterow - TSG Obe"]
[Site "?"]
[Date "2022.05.15"]
[Round "4.5"]
[White "Jauk, Wilhelm"]
[Black "Dettmann, Gerd"]
[Result "1/2-1/2"]
[WhiteElo "2168"]
[BlackElo "2098"]
[PlyCount "24"]
[EventDate "2022.??.??"]

1. c4 e5 2. Nc3 Nf6 3. g3 d5 4. cxd5 Nxd5 5. Bg2 Nb6 6. Nf3 Nc6 7. O-O Be7 8.
d3 Be6 9. Be3 O-O 10. a3 f5 11. Rc1 Bf6 12. Nd2 Nd5 1/2-1/2

[Event "OLNO 2122 SG Güstrow-Teterow - TSG Obe"]
[Site "?"]
[Date "2022.05.15"]
[Round "4.6"]
[White "Dettmann, Holger"]
[Black "Westphal, Julian"]
[Result "1/2-1/2"]
[WhiteElo "2020"]
[BlackElo "1803"]
[PlyCount "37"]
[EventDate "2022.??.??"]

1. d4 d5 2. Nc3 Nf6 3. Bf4 Bf5 4. Qd2 e6 5. f3 Bg6 6. g4 a6 7. h4 h5 8. g5 Nfd7
9. e3 c5 10. Bd3 Bxd3 11. Qxd3 Nc6 12. Nge2 c4 13. Qd2 b5 14. Nd1 g6 15. c3 a5
16. e4 Nb6 17. Ne3 Bg7 18. Bg3 O-O 19. O-O 1/2-1/2

[Event "OLNO 2122 SG Güstrow-Teterow - TSG Obe"]
[Site "?"]
[Date "2022.05.15"]
[Round "4.7"]
[White "Stark, Ingo"]
[Black "Kiel, Bernd"]
[Result "1-0"]
[WhiteElo "2097"]
[BlackElo "1989"]
[PlyCount "73"]
[EventDate "2022.??.??"]

1. e4 d5 2. exd5 Nf6 3. d4 Bg4 4. Nf3 Qxd5 5. Be2 Nc6 6. c4 Qf5 7. h3 Bxf3 8.
Bxf3 e6 9. O-O Bd6 10. Qa4 O-O 11. Bxc6 bxc6 12. Qxc6 Rab8 13. Nc3 Rfd8 14. Qf3
Qxf3 15. gxf3 c5 16. Nb5 cxd4 17. Nxd6 Rxd6 18. Bf4 Rdd8 19. Bxb8 Rxb8 20. Rfd1
e5 21. f4 Nd7 22. Rac1 f6 23. c5 Rxb2 24. c6 Nb6 25. c7 Nc8 26. fxe5 fxe5 27.
f4 Kf7 28. fxe5 Rb4 29. Rc6 Ke7 30. e6 g6 31. Rf1 d3 32. Rf7+ Ke8 33. Rd7 Rb1+
34. Kf2 Rb2+ 35. Ke3 Re2+ 36. Kxd3 Rxe6 37. Rd8+ 1-0

[Event "OLNO 2122 SG Güstrow-Teterow - TSG Obe"]
[Site "?"]
[Date "2022.05.15"]
[Round "4.8"]
[White "Scharf, Christian"]
[Black "Nguyen, Phuc Nhat"]
[Result "0-1"]
[WhiteElo "1318"]
[BlackElo "1809"]
[PlyCount "72"]
[EventDate "2022.??.??"]

1. e4 e5 2. Nf3 Nc6 3. Bb5 a6 4. Ba4 Nf6 5. O-O b5 6. Bb3 Bc5 7. a4 Rb8 8. c3
d6 9. d4 Bb6 10. h3 h6 11. Re1 Qe7 12. axb5 axb5 13. Qe2 Bd7 14. Nbd2 g5 15.
dxe5 dxe5 16. Nh2 g4 17. Nxg4 Nxg4 18. hxg4 Rg8 19. Bd5 Nd8 20. Nf1 c6 21. Bb3
Bxg4 22. Qc2 Bf3 23. Ne3 Bxe3 24. Rxe3 Rxg2+ 25. Kf1 Qf6 26. Qd3 Rxf2+ 27. Kxf2
Bxe4+ 28. Rf3 Qh4+ 29. Ke2 Bxd3+ 30. Rxd3 Qh2+ 31. Kf3 f5 32. Rd2 e4+ 33. Ke3
Qg3+ 34. Ke2 f4 35. Ra7 f3+ 36. Kf1 e3 0-1

[Event "OLNO 2122 Greifswalder SV - SF Berlin I"]
[Site "?"]
[Date "2022.05.15"]
[Round "4.1"]
[White "Nogly, Christoph"]
[Black "Fromm, Marius"]
[Result "1/2-1/2"]
[WhiteElo "2243"]
[BlackElo "2317"]
[PlyCount "85"]
[EventDate "2022.??.??"]

1. d4 Nf6 2. c4 e6 3. Nf3 c5 4. d5 exd5 5. cxd5 d6 6. Nc3 g6 7. Nd2 Bg7 8. e4
O-O 9. Be2 Re8 10. O-O Nbd7 11. a4 a6 12. Re1 Rb8 13. h3 Ne5 14. f4 Ned7 15.
Kh2 c4 16. e5 dxe5 17. Nxc4 Nb6 18. Nxb6 Qxb6 19. Bf3 e4 20. Nxe4 Nxe4 21. Rxe4
Bf5 22. Rxe8+ Rxe8 23. Ra3 h5 24. Rb3 Qf2 25. Qd2 Qc5 26. Re3 Rd8 27. Qe1 Bd4
28. Re8+ Rxe8 29. Qxe8+ Kg7 30. Qe1 b5 31. b4 Qd6 32. axb5 axb5 33. g4 hxg4 34.
hxg4 Bd7 35. Qd2 Ba1 36. Bb2+ Bxb2 37. Qxb2+ f6 38. Qd4 g5 39. Kg3 Kf7 40. Qe4
Kg7 41. Qd4 Kf7 42. Qe4 Kg7 43. Qd4 1/2-1/2

[Event "OLNO 2122 Greifswalder SV - SF Berlin I"]
[Site "?"]
[Date "2022.05.15"]
[Round "4.2"]
[White "Weber, Max"]
[Black "Noetzel, Felix"]
[Result "1-0"]
[WhiteElo "2259"]
[BlackElo "2178"]
[PlyCount "81"]
[EventDate "2022.??.??"]

1. d4 d5 2. c4 e6 3. Nf3 c6 4. Qc2 Nf6 5. Nbd2 Nbd7 6. e4 dxe4 7. Nxe4 Nxe4 8.
Qxe4 Bb4+ 9. Bd2 Bxd2+ 10. Nxd2 c5 11. dxc5 Nxc5 12. Qe5 Qa5 13. Qxg7 Rf8 14.
Be2 Bd7 15. Rd1 Ne4 16. O-O Nxd2 17. Qd4 O-O-O 18. Qxd2 Qxd2 19. Rxd2 Bc6 20.
Rfd1 Rxd2 21. Rxd2 Rd8 22. Rxd8+ Kxd8 23. Bf3 Bxf3 24. gxf3 Kc7 25. Kf1 Kd6 26.
Ke2 Kc5 27. Kd3 f6 28. f4 Kb4 29. Kd4 a5 30. f3 a4 31. Kd3 Kc5 32. Kc3 b6 33.
b4+ Kd6 34. Kd4 Kc6 35. Kd3 Kd6 36. Kc3 Kc6 37. Kb2 b5 38. c5 Kd5 39. Kc3 Kc6
40. Kd4 Kd7 41. Ke3 1-0

[Event "OLNO 2122 Greifswalder SV - SF Berlin I"]
[Site "?"]
[Date "2022.05.15"]
[Round "4.3"]
[White "Wintzer, Joachim"]
[Black "Skibbe, Willi"]
[Result "1/2-1/2"]
[WhiteElo "2279"]
[BlackElo "2179"]
[PlyCount "84"]
[EventDate "2022.??.??"]

1. d4 d5 2. Nf3 Nf6 3. g3 e6 4. Bg2 Be7 5. O-O O-O 6. b3 b5 7. c4 bxc4 8. bxc4
c6 9. Nbd2 Nbd7 10. Qc2 Ba6 11. Re1 Nb6 12. c5 Nbd7 13. Bb2 Qc7 14. Nb3 Ne4 15.
Ne5 f5 16. Nd3 Rae8 17. Bc1 Bf6 18. Bf4 Qc8 19. f3 Ng5 20. Bd6 Be7 21. Ne5 Nf7
22. Bxe7 Rxe7 23. f4 Ndxe5 24. dxe5 Rb7 25. Qc3 Qc7 26. Nd4 Qd7 27. Bf3 Rfb8
28. e3 Nd8 29. g4 g6 30. Kh1 Kf7 31. Rad1 Bc4 32. gxf5 exf5 33. e4 fxe4 34.
Bxe4 dxe4 35. Qxc4+ Qd5 36. Qc3 e3+ 37. Kg1 Rb2 38. Nc2 Qf3 39. Rxd8 Rxd8 40.
e6+ Kg8 41. e7 Qf2+ 42. Kh1 Qf3+ 1/2-1/2

[Event "OLNO 2122 Greifswalder SV - SF Berlin I"]
[Site "?"]
[Date "2022.05.15"]
[Round "4.5"]
[White "Gaerths, Ronny"]
[Black "Leisner, Hannes"]
[Result "1/2-1/2"]
[WhiteElo "2131"]
[BlackElo "2208"]
[PlyCount "102"]
[EventDate "2022.??.??"]

1. d4 Nf6 2. Nf3 d6 3. Nc3 Bg4 4. e4 e6 5. h3 Bh5 6. g4 Bg6 7. e5 Ne4 8. Nxe4
Bxe4 9. Bd3 d5 10. Be3 Nc6 11. c3 Bxd3 12. Qxd3 Be7 13. O-O-O Qd7 14. Nd2 O-O-O
15. f4 f6 16. Rdf1 Qe8 17. h4 Qg6 18. Qxg6 hxg6 19. Nf3 Rdf8 20. exf6 gxf6 21.
g5 fxg5 22. hxg5 Bd6 23. Rh6 Ne7 24. Rfh1 Rhg8 25. Rh7 Nf5 26. Bd2 b6 27. Re1
Re8 28. Nh4 Nxh4 29. Rxh4 Kd7 30. Rh7+ Re7 31. Reh1 Rgg7 32. Rxg7 Rxg7 33. Kc2
Rf7 34. Rh4 c5 35. b3 Ke7 36. Kd3 Kf8 37. c4 dxc4+ 38. Kxc4 Rc7 39. d5 b5+ 40.
Kxb5 exd5 41. Bc3 d4 42. Ba5 Rf7 43. Bd2 Ke7 44. Rh6 Bxf4 45. Bxf4 Rxf4 46.
Kxc5 d3 47. Rh3 Rf2 48. Re3+ Kf7 49. Rxd3 Rxa2 50. Rf3+ Ke7 51. Re3+ Kf7
1/2-1/2

[Event "OLNO 2122 Greifswalder SV - SF Berlin I"]
[Site "?"]
[Date "2022.05.15"]
[Round "4.6"]
[White "Stopsack, Malte"]
[Black "Van Hasselt, Frank"]
[Result "0-1"]
[WhiteElo "2219"]
[BlackElo "2223"]
[PlyCount "48"]
[EventDate "2022.??.??"]

1. e4 c6 2. Nc3 d5 3. Nf3 Bg4 4. Be2 e6 5. d4 Nf6 6. e5 Nfd7 7. Ng5 Bxe2 8.
Qxe2 Be7 9. h4 c5 10. Nxd5 cxd4 11. Nxe7 Qxe7 12. O-O Nc6 13. Bf4 h6 14. Nf3
Nb6 15. Rfd1 Rd8 16. a3 O-O 17. Rd3 Rd5 18. Re1 Rfd8 19. h5 Na4 20. Bc1 Nc5 21.
Rdd1 d3 22. Qd2 dxc2 23. Qxc2 Nd3 24. Re3 Ndb4 0-1